Theory of statistical inference and information

Αποθηκεύτηκε σε:
Λεπτομέρειες βιβλιογραφικής εγγραφής
Κύριος συγγραφέας: Vajda, Igor 1942-
Μορφή: Βιβλίο
Γλώσσα:English
Δημοσίευση: Dordrecht ; Boston : Kluwer Academic Publishers, c1989
Σειρά:Theory and decision library. Mathematical and statistical methods ; ; Series B
Θέματα:
Ετικέτες: Προσθήκη ετικέτας
Δεν υπάρχουν, Καταχωρήστε ετικέτα πρώτοι!

MARC

LEADER 00000cam a2200000 i 4500
001 1/31374
008 941103s1989 eng d
020 |a 9027727813 
035 |l 10038811 
035 |a 1990  |c ΚΑΣΤΡΑΝΤΑΣ 
040 |a GR-MY-UA  |b gre  |e aacr 
041 0 |a eng 
082 0 |a 515 
100 1 |a Vajda, Igor  |d 1942- 
245 1 0 |a Theory of statistical inference and information /  |c Igor Vajda 
260 |a Dordrecht ; Boston :   |b Kluwer Academic Publishers,   |c c1989 
300 |a 432 p.;  |b ill.;  |c 25 cm. 
490 1 |a Theory and decision library. Mathematical and statistical methods  |v ; Series B 
500 |a Translation of: Teoria informacie a ιstatistickeho rozhodovania 
500 |a Bibliography: p. [404]-423 
500 |a Includes index 
650 0 0 |a Convex functions. 
650 0 0 |a Mathematical statistics. 
650 0 0 |a Information theory. 
830 0 |a Theory and decision library. Mathematical and statistical methods ;  |v ; Series B 
852 |a INST  |b SAMOS  |e 19941103  |h 515 VAJ  |p 005300001875  |q 005300001875  |t BK  |y 0 
909 |a Σ  |b 016816